Flexibilita a lokalizace práce: přehled konceptuálních náhledů a jejich relevance pro výzkum metropolitních regionů v Česku

Základné teoretické prístupy k štúdiu flexibility a lokalizácie práce. Špecifické podmienky flexibility a lokalizácie práce v Českej republike.

Salvato in:
Dettagli Bibliografici
Autore principale: Svoboda, Peter
Altri autori: Ouředníček, Martin
Natura: Capitolo di libro
Lingua:ceco
Soggetti:
Tags: Aggiungi Tag
Nessun Tag, puoi essere il primo ad aggiungerne!!

MARC

LEADER 00000naa a2200000 4500
001 0206209
005 20231208074121.0
041 0 |a cze 
044 |a SK 
245 1 0 |a Flexibilita a lokalizace práce: přehled konceptuálních náhledů a jejich relevance pro výzkum metropolitních regionů v Česku  |c Peter Svoboda, Martin Ouředníček 
520 |a Základné teoretické prístupy k štúdiu flexibility a lokalizácie práce. Špecifické podmienky flexibility a lokalizácie práce v Českej republike. 
610 2 0 |a Česko 
610 2 0 |a flexibilita 
610 2 0 |a trh práce 
610 2 0 |a geografia 
610 2 0 |a ekonomika priestorová 
610 2 0 |a politika zamestnanosti 
100 1 |a Svoboda, Peter 
700 1 |a Ouředníček, Martin